=LDR 00000nam 2200000 4500 =001 INLIS000000000013000 =005 20130612104448 =008 ***********************************Ind** =035 ##$$0010-061300000013000 =041 ##$$a Ind =082 ##$$a R. 574.03 =090 ##$$a R. 574.03, Sit k =100 ##$$a Sitorus, Ronald. H =245 ##$$a Kamus Biologi, H. Ronald Sitorus =260 ##$$a 2000 $b Bandung =300 ##$$a 338 hlm, 21 cm =650 ##$$a Biologi - Kamus =850 ##$$a NBPNMAT